[Event "POL-chT U20 1st League"]
[Site "Chotowa"]
[Date "2025.06.22"]
[Round "9.14"]
[White "Bartoszczuk, Adam"]
[Black "Wajda, Krzysztof"]
[Result "1/2-1/2"]
[WhiteElo "2008"]
[BlackElo "1916"]
[PlyCount "65"]
[EventDate "2025.06.14"]
[EventType "team-swiss"]
[EventRounds "9"]
[EventCountry "POL"]
[SourceTitle "CB26_2025"]
[SourceDate "2025.06.25"]
[SourceVersion "1"]
[SourceVersionDate "2025.06.25"]
[SourceQuality "1"]
[WhiteTeam "Chrzanow"]
[BlackTeam "Wieliczka MOS"]
[WhiteTeamCountry "POL"]
[BlackTeamCountry "POL"]

1. e4 e5 2. Nf3 Nc6 3. Bb5 a6 4. Ba4 Nf6 5. 0-0 b5 6. Bb3 Bc5 7. a4 Rb8 8. axb5 axb5 9. Nxe5 Nxe5 10. d4 Qe7 11. dxc5 0-0 12. Bg5 h6 13. Bxf6 Qxf6 14. Nc3 Bb7 15. f4 Nc4 16. Bxc4 bxc4 17. Ra2 Rfe8 18. Qxd7 Bxe4 19. Nxe4 Rxe4 20. Qxc7 Qd4+ 21. Kh1 Rbe8 22. h3 Re1 23. Ra1 Rxa1 24. Rxa1 Qxb2 25. Ra7 Rf8 26. c6 Qxc2 27. Qd6 Qd3 28. Qxd3 cxd3 29. Rd7 Rc8 30. c7 d2 31. Rxd2 Rxc7 32. Kh2 Kh7 33. Rd6 1/2-1/2

[Event "POL-chT U20 1st League"]
[Site "Chotowa"]
[Date "2025.06.18"]
[Round "5.2"]
[White "Bartodziej, Bartosz"]
[Black "Bartoszczuk, Adam"]
[Result "1-0"]
[WhiteElo "2007"]
[BlackElo "2008"]
[PlyCount "65"]
[EventDate "2025.06.14"]
[EventType "team-swiss"]
[EventRounds "9"]
[EventCountry "POL"]
[SourceTitle "CB26_2025"]
[SourceDate "2025.06.25"]
[SourceVersion "1"]
[SourceVersionDate "2025.06.25"]
[SourceQuality "1"]
[WhiteTeam "Polonia Warszawa II"]
[BlackTeam "Chrzanow"]
[WhiteTeamCountry "POL"]
[BlackTeamCountry "POL"]

1. e4 c5 2. Nf3 d6 3. d4 cxd4 4. Nxd4 Nf6 5. Nc3 a6 6. Be2 e6 7. 0-0 Be7 8. f4 Qc7 9. Kh1 0-0 10. Be3 b5 11. e5 dxe5 12. fxe5 Nfd7 13. Bf3 Bb7 14. Bf4 Rd8 15. Bxb7 Qxb7 16. Qg4 Bf8 17. Rad1 Nc6 18. Qf3 Rac8 19. Nxc6 Rxc6 20. Bg3 f5 21. exf6 gxf6 22. Ne4 Bg7 23. Rd6 Rf8 24. Re1 Ne5 25. Bxe5 fxe5 26. Nf6+ Rxf6 27. Qxc6 Qf7 28. Rdd1 Qh5 29. Rf1 Qe2 30. Rd8+ Bf8 31. Rxf8+ Rxf8 32. Qxe6+ Kg7 33. Qe7+ 1-0

[Event "EU-ch Amateurs U2000"]
[Site "Mali Losinj"]
[Date "2024.08.27"]
[Round "3"]
[White "Lunin Bohomolets, Iliia"]
[Black "Bartoszczuk, Adam"]
[Result "1-0"]
[WhiteElo "1960"]
[BlackElo "1852"]
[PlyCount "63"]
[EventDate "2024.08.25"]
[EventType "swiss"]
[EventRounds "9"]
[EventCountry "CRO"]
[SourceTitle "EXT 2025"]
[Source "ChessBase"]
[SourceDate "2024.10.14"]
[SourceVersion "1"]
[SourceVersionDate "2024.10.14"]
[SourceQuality "1"]

1. d4 Nf6 2. c4 g6 3. Nc3 Bg7 4. e4 d6 5. Be2 Nbd7 6. Bg5 0-0 7. Qd2 e5 8. d5 Nc5 9. b4 Na6 10. a3 Qe8 11. h4 h5 12. f3 Kh7 13. Rc1 Nb8 14. c5 a6 15. Be3 Bd7 16. Nh3 Bxh3 17. Rxh3 Nbd7 18. g4 Qe7 19. g5 Ne8 20. c6 bxc6 21. dxc6 Nb6 22. Bxb6 cxb6 23. Nd5 Qe6 24. Rg3 b5 25. Bf1 f5 26. Bh3 Rc8 27. Nb6 Rc7 28. Nd7 Rh8 29. Qc2 Qf7 30. exf5 Bf8 31. fxg6+ Qxg6 32. Bf5 1-0

[Event "Warsaw Najdorf Memorial op-B"]
[Site "Warsaw"]
[Date "2022.07.17"]
[Round "9"]
[White "Trochimczuk, Szymon"]
[Black "Bartoszczuk, Adam"]
[Result "1/2-1/2"]
[WhiteElo "1480"]
[BlackElo "1596"]
[PlyCount "88"]
[EventDate "2022.07.09"]
[EventType "swiss"]
[EventRounds "9"]
[EventCountry "POL"]
[SourceTitle "CBM 209 Extra"]
[Source "ChessBase"]
[SourceDate "2022.09.30"]
[SourceVersion "1"]
[SourceVersionDate "2022.09.30"]
[SourceQuality "1"]

1. d4 Nf6 2. c4 g6 3. Nc3 Bg7 4. Nf3 d6 5. h3 0-0 6. Bf4 Nbd7 7. e3 c5 8. Be2 Qb6 9. Qd2 cxd4 10. exd4 Re8 11. Be3 Qd8 12. 0-0 e5 13. dxe5 dxe5 14. Nb5 Nb6 15. Nd6 Re7 16. c5 e4 17. Nxc8 Rd7 18. Nd4 Nxc8 19. Bb5 Rd5 20. Rac1 Ne7 21. Bc4 Rd7 22. Bb5 Rd5 23. Bc4 Rd7 24. Qb4 Ned5 25. Qb3 Rc8 26. Nb5 Qf8 27. Nxa7 Nxe3 28. Qxe3 Ra8 29. Nb5 Bh6 30. Qc3 Bxc1 31. Rxc1 Qg7 32. Nd6 Rad8 33. Qb3 Ne8 34. Nxb7 Rb8 35. c6 Rd2 36. Rc3 Qf6 37. f3 Qh4 38. Qb6 Qg3 39. Bf1 Qc7 40. Qb4 Rd1 41. fxe4 Nd6 42. b3 Nxb7 43. cxb7 Qxb7 44. Qxb7 Rxb7 1/2-1/2

[Event "Poronin Tatra Limba op"]
[Site "Poronin"]
[Date "2022.01.10"]
[Round "8"]
[White "Pniaczek, Marek"]
[Black "Bartoszczuk, Adam"]
[Result "1-0"]
[WhiteElo "2329"]
[BlackElo "1434"]
[PlyCount "89"]
[EventDate "2022.01.06"]
[EventType "swiss"]
[EventRounds "9"]
[EventCountry "POL"]
[SourceTitle "CBM 206 Extra"]
[Source "ChessBase"]
[SourceDate "2022.03.31"]
[SourceVersion "1"]
[SourceVersionDate "2022.03.31"]
[SourceQuality "1"]

1. e4 c5 2. Nf3 e6 3. d4 cxd4 4. Nxd4 a6 5. c4 Qc7 6. Nc3 Nf6 7. Be3 d6 8. Be2 Be7 9. 0-0 Nbd7 10. Qd2 b6 11. Rfc1 Bb7 12. f3 0-0 13. a4 Rac8 14. a5 Qb8 15. axb6 Bd8 16. Na4 Nc5 17. Qb4 Nfd7 18. Nb3 Bc6 19. Nbxc5 dxc5 20. Qa5 Nxb6 21. Nxb6 Bxb6 22. Qxa6 Bc7 23. Bxc5 Bxh2+ 24. Kf1 Rfd8 25. b4 Qf4 26. Rd1 Bxe4 27. Rd4 f5 28. Qxe6+ Kh8 29. Qf7 Bg3 30. Rad1 Re8 31. Bd6 Qh4 32. Bxg3 Qxg3 33. Qh5 Bc2 34. R1d2 Bb3 35. Qh4 Qe5 36. Qf4 Qe7 37. c5 Bd1 38. Rxd1 Qxe2+ 39. Kg1 Ra8 40. Qxf5 Ra2 41. Qg4 Qf2+ 42. Kh2 g6 43. Rd8 Rae2 44. Rxe8+ Rxe8 45. Qd4+ 1-0

[Event "Poronin Tatra Limba op"]
[Site "Poronin"]
[Date "2022.01.07"]
[Round "3"]
[White "Bartoszczuk, Adam"]
[Black "Mroz, Lena"]
[Result "1/2-1/2"]
[WhiteElo "1434"]
[BlackElo "1800"]
[PlyCount "72"]
[EventDate "2022.01.06"]
[EventType "swiss"]
[EventRounds "9"]
[EventCountry "POL"]
[SourceTitle "CBM 206 Extra"]
[Source "ChessBase"]
[SourceDate "2022.03.31"]
[SourceVersion "1"]
[SourceVersionDate "2022.03.31"]
[SourceQuality "1"]

1. e4 c5 2. Nf3 a6 3. c4 Nc6 4. Nc3 e5 5. d3 d6 6. Be2 g6 7. 0-0 Bg7 8. Ne1 Nge7 9. Nc2 0-0 10. Ne3 f5 11. Ned5 f4 12. Bg4 Nd4 13. Bxc8 Rxc8 14. f3 h5 15. Bd2 g5 16. a3 Kf7 17. b4 b6 18. Qa4 cxb4 19. axb4 Ra8 20. c5 dxc5 21. bxc5 b5 22. Qa2 Kg6 23. Nxe7+ Qxe7 24. Nd5 Qb7 25. Bb4 Nc6 26. Rfc1 a5 27. Bd2 Rfe8 28. Nb6 Ra7 29. Qd5 Kh7 30. h4 g4 31. Kf1 g3 32. Rab1 b4 33. Nc4 Bf8 34. Nd6 Bxd6 35. cxd6 Rc8 36. Qe6 Qd7 1/2-1/2

[Event "Poronin Tatra Limba op"]
[Site "Poronin"]
[Date "2022.01.06"]
[Round "2"]
[White "Gepfert, Cyprian"]
[Black "Bartoszczuk, Adam"]
[Result "0-1"]
[WhiteElo "1743"]
[BlackElo "1434"]
[PlyCount "110"]
[EventDate "2022.01.06"]
[EventType "swiss"]
[EventRounds "9"]
[EventCountry "POL"]
[SourceTitle "CBM 206 Extra"]
[Source "ChessBase"]
[SourceDate "2022.03.31"]
[SourceVersion "1"]
[SourceVersionDate "2022.03.31"]
[SourceQuality "1"]

1. e4 c5 2. Nf3 d6 3. d4 cxd4 4. Nxd4 Nf6 5. Nc3 a6 6. Be2 e5 7. Nb3 Be6 8. f4 Be7 9. f5 Bd7 10. Bg5 Bc6 11. Bxf6 gxf6 12. Bc4 b5 13. Bd5 Bxd5 14. Nxd5 Nd7 15. a4 Nb6 16. axb5 axb5 17. Rxa8 Nxa8 18. Qd3 Qd7 19. 0-0 Bd8 20. Kh1 Nb6 21. Ra1 0-0 22. Nxb6 Bxb6 23. Rd1 Rd8 24. Qg3+ Kf8 25. Qh4 Ke7 26. c3 Qc6 27. Qe1 Ra8 28. h3 Ra2 29. Nc1 Ra1 30. b3 Ba5 31. b4 Bc7 32. Qe3 Qc4 33. Kh2 Qc6 34. Kg3 Ke8 35. Kf3 Qc4 36. Qd2 Ra3 37. Ne2 Qxb4 38. Ra1 Qc5 39. Rxa3 Qxa3 40. Qd5 Qc5 41. Qa8+ Ke7 42. Qb7 Kf8 43. Qd5 Bb6 44. Qxc5 dxc5 45. c4 bxc4 46. Nc3 Ba5 47. Na4 c3 48. Nxc5 c2 49. Nb3 Bd2 50. Kg4 c1Q 51. Nxc1 Bxc1 52. Kh5 Ke7 53. g4 Kd6 54. h4 h6 55. g5 hxg5 0-1

[Event "POL-ch U20"]
[Site "Pokrzywna"]
[Date "2021.12.10"]
[Round "6"]
[White "Warchol, Kamil"]
[Black "Bartoszczuk, Adam"]
[Result "1-0"]
[WhiteElo "1956"]
[BlackElo "1380"]
[PlyCount "59"]
[EventDate "2021.12.06"]
[EventType "swiss"]
[EventRounds "9"]
[EventCountry "POL"]
[SourceTitle "CBM 205 Extra"]
[Source "ChessBase"]
[SourceDate "2022.01.31"]
[SourceVersion "1"]
[SourceVersionDate "2022.01.31"]
[SourceQuality "1"]

1. e4 c5 2. f4 d5 3. exd5 Qxd5 4. Nc3 Qd8 5. Nf3 Nf6 6. b3 a6 7. a4 Nc6 8. Bc4 Bf5 9. Ne5 Nxe5 10. fxe5 Ng4 11. e6 fxe6 12. Qe2 Qd4 13. a5 Qe5 14. Bb2 Qxe2+ 15. Bxe2 Nf6 16. 0-0-0 0-0-0 17. Na4 Ne4 18. Rhf1 Rg8 19. Be5 Kd7 20. d3 Nf6 21. Nxc5+ Kc6 22. b4 Nd5 23. Bf3 Kb5 24. Nxb7 Rd7 25. Nc5 Rd8 26. Bxd5 Rxd5 27. c4+ Kxb4 28. Nxa6+ Kxa5 29. cxd5 Kxa6 30. Kc2 1-0

[Event "POL-ch U20"]
[Site "Pokrzywna"]
[Date "2021.12.08"]
[Round "4"]
[White "Kacprzak, Kacper"]
[Black "Bartoszczuk, Adam"]
[Result "1/2-1/2"]
[WhiteElo "2219"]
[BlackElo "1380"]
[PlyCount "60"]
[EventDate "2021.12.06"]
[EventType "swiss"]
[EventRounds "9"]
[EventCountry "POL"]
[SourceTitle "CBM 205 Extra"]
[Source "ChessBase"]
[SourceDate "2022.01.31"]
[SourceVersion "1"]
[SourceVersionDate "2022.01.31"]
[SourceQuality "1"]

1. e4 c5 2. Nf3 d6 3. d4 cxd4 4. Nxd4 Nf6 5. Nc3 a6 6. Be3 e5 7. Nb3 Be7 8. h3 Be6 9. f4 exf4 10. Bxf4 Nc6 11. Qe2 Ne5 12. 0-0-0 Nfd7 13. Kb1 Rc8 14. Qe3 0-0 15. g4 h6 16. Be2 Re8 17. Rhg1 b5 18. Nd4 Qa5 19. Nd5 Bxd5 20. exd5 Bf6 21. Qd2 Qxd2 22. Rxd2 Nc4 23. Bxc4 Rxc4 24. c3 Nc5 25. Rdd1 Nb7 26. g5 hxg5 27. Bxg5 Bxd4 28. cxd4 Re2 29. Bc1 Na5 30. Rd2 Re4 1/2-1/2

[Event "Poronin Tatra Limba op-B"]
[Site "Poronin"]
[Date "2021.05.26"]
[Round "7.8"]
[White "Gaszka, Zuzanna"]
[Black "Bartoszczuk, Adam"]
[Result "1-0"]
[WhiteElo "1445"]
[BlackElo "1448"]
[PlyCount "57"]
[EventDate "2021.05.22"]
[EventType "swiss"]
[EventRounds "9"]
[EventCountry "POL"]
[SourceTitle "EXT 2022"]
[Source "ChessBase"]
[SourceDate "2021.10.06"]
[SourceVersion "1"]
[SourceVersionDate "2021.10.06"]
[SourceQuality "1"]

1. e4 c5 2. Nf3 e6 3. d4 cxd4 4. Nxd4 a6 5. Nc3 Qc7 6. Bd3 Nf6 7. f4 d6 8. Qf3 Be7 9. g4 Nc6 10. Nb3 b5 11. Be3 Bb7 12. g5 Nd7 13. 0-0-0 Nc5 14. Nd4 b4 15. Nce2 Rc8 16. Kb1 a5 17. Nxc6 Bxc6 18. Nd4 d5 19. Nxc6 Qxc6 20. exd5 exd5 21. Bf5 Rd8 22. Bd4 f6 23. gxf6 Bxf6 24. Bxf6 Qxf6 25. Rxd5 Na4 26. Rxd8+ Kxd8 27. Rd1+ Ke8 28. Qa8+ Kf7 29. Rd7+ 1-0